000
00247nam a2200097Ia 4500
008
240331s9999 xx 000 0 und d
082
_b
IND
100
_a
Logo. ed
245
0
_a
Independence of the Judiciary :
_b
Logos-Vol.23 No.2, July 1984
942
_c
L
999
_c
2870
_d
2870